000 02710cam a2200613 i 4500
001 xx004913421
003 NUKAT
005 20260427110640.0
008 200723s2020 pl a g |001 0 pol c
020 _a9788380988880
_q(oprawa twarda) :
_czł 50,00
035 _a(OCoLC)1183356303
035 _a(NUKAT)xx004913421
040 _aGD U/MJ
_bpol
_erda
_cGD U/MJs
_dWR O/KP
_dWA 14/MBs
_dOLSZT 008/bak
045 2 _bd1886
_bd2019
046 _k2020
100 1 _aChmielowiec, Piotr.
_eAutor
_940048
245 1 0 _aKryptonim "Borsuki" :
_bkonspiracja wojskowa Polskiego Państwa Podziemnego na terenie powiatu łańcuckiego (1939-1945) /
_cPiotr Chmielowiec.
260 _aRzeszów ;
_aWarszawa :
_bInstytut Pamięci Narodowej Komisja Ścigania Zbrodni przeciwko Narodowi Polskiemu. Oddział w Rzeszowie,
_c2020.
300 _a664, [12] stron :
_bilustracje ;
_c25 cm.
336 _aTekst
_btxt
_2rdacontent
337 _aBez urządzenia pośredniczącego
_bn
_2rdamedia
338 _aWolumin
_bnc
_2rdacarrier
380 _aKsiążki
380 _aPublikacje naukowe
388 1 _a2001-
490 1 _aSeria Wydawnicza IPN Oddział w Rzeszowie
490 1 _aCentalny Projekt Badawczy IPN Losy Polski i jej Obywateli w Latach II Wojny Światowej
504 _aBibliografia na stronach 573-606. Indeksy.
610 2 7 _aArmia Krajowa (AK)
_2DBN
_937309
610 2 7 _aBataliony Chłopskie
_2DBN
_940624
610 2 7 _aNarodowa Organizacja Wojskowa (1939-1943)
_2DBN
_940625
610 2 7 _aZwiązek Odwetu
_2DBN
_940626
610 2 7 _aZwiązek Walki Zbrojnej
_2DBN
_940091
648 7 _a1801-1900
_2DBN
_936037
648 7 _a1901-2000
_2DBN
_934996
648 7 _a2001-
_2DBN
_936393
650 7 _aII wojna światowa (1939-1945)
_2DBN
_935099
650 7 _aPartyzanci
_2DBN
_939418
650 7 _aPolskie Państwo Podziemne
_2DBN
_940627
650 7 _aRuch oporu
_2DBN
_935814
650 7 _aWojna światowa (1939-1945)
_xruch oporu
_zPolska
_zŁańcut (region).
_2kaba
_940628
651 7 _aPowiat łańcucki (1918-1939)
_2DBN
_940629
651 7 _aŁańcut (Polska ; region)
_y1939-1945 (Wojna i okupacja).
_2kaba
_940630
651 7 _aŁańcut (Polska ; region)
_xpolityka i rządy
_y1900-1945.
_2kaba
_940631
655 7 _aMonografia
_2DBN
_935240
655 7 _aSłownik biograficzny
_2DBN
_935456
658 _aBezpieczeństwo i wojskowość
658 _aHistoria
710 2 _aInstytut Pamięci Narodowej - Komisja Ścigania Zbrodni przeciwko Narodowi Polskiemu.
_eWydawca
_4pbl
_911792
830 0 _aSeria Wydawnicza IPN Oddział w Rzeszowie
_919643
830 0 _aLosy Polski i jej Obywateli w Latach II Wojny Światowej
_939936
920 _a978-83-8098-888-0 (oprawa twarda) : zł 50,00
942 _2ddc
_cBK_NM
999 _c27796
_d27796